| 000 | 00901nam a2200253 a 4500 | ||
|---|---|---|---|
| 001 | 000007591 | ||
| 005 | 20250219074027.0 | ||
| 008 | 090909t2006 dr c 000 p spa d | ||
| 020 | _z994510005X | ||
| 040 |
_aDO-SdBNP _bspa _cBNPHU |
||
| 082 |
_aRD861.4408 _bS667r, 2006 |
||
| 245 | 0 | 0 |
_aSobre rieles : _bantología de poetas de la provincia La Romana / _cIsael Pérez. |
| 250 | _a3a ed. | ||
| 260 |
_aSanto Domingo : _bBuho, _c2006. |
||
| 300 |
_a270 p. : _bretrs ; _c22 cm. |
||
| 500 | _aIncluye datos biográficos del autor en las solapas. | ||
| 500 | _aIncluye síntesis biográficas de los autores antologados. | ||
| 590 | _aInventariado, 2019 / DG | ||
| 650 | 4 |
_aPoesía dominicana _xColecciones _9351 |
|
| 650 | 0 |
_aLiteratura dominicana. _967 |
|
| 650 | 4 |
_aPoetas dominicanos _xSiglo xx _921045 |
|
| 700 | 1 |
_aPérez, Isael, _d1961- _ecomp. _91414 |
|
| 910 | _aValidado. Control de calidad EMS. | ||
| 999 |
_c7371 _d7371 |
||